| 000 | 00863cam a2200193 4500 | ||
|---|---|---|---|
| 001 | WB3831-28 | ||
| 008 | 020822n2002 000 0 eng u | ||
| 035 | _a(Sirsi) u119412 | ||
| 245 | _aLiability advice to members in charity and voluntary sectors | ||
| 260 | _c2002 | ||
| 490 |
_aRICS Feature _v 21 August 2002, (2) |
||
| 520 | _aFeature highlights issue that some professonal people provide their services to charitable organisations etc. Warns of two distinct liabilities, professsional liability and liability as trustee, director or officer. Suggests they should be protected by separate and appropriate insurance. www.rics.org/ricscms/bin/show?class=Feature&template=/includes/showfeature.html&id=326 | ||
| 590 | _aWB | ||
| 650 | _aCHARITIES | ||
| 650 | _aLIABILITY | ||
| 650 | _aPROFESSIONAL LIABILITY | ||
| 690 |
_aInsurance _96249 |
||
| 942 | _n0 | ||
| 999 |
_c70991 _d70991 |
||